000 00278nam a22001337a 4500
008 181016b xxu||||| |||| 00| 0 eng d
020 _a9780132499798
041 _aeng
080 _a615
100 _a6
101 _aFAR
245 _aPharmacology
_cMoini.J
942 _2udc
_cBK
999 _c49915
_d49915